000 01609cam a2200385 i 4500
001 7345
003 Mx-PuUPA
005 20251125143235.0
008 140415s1964 sp a gr 001 0 spa d
017 _aM. 1.384.1964
040 _cMx-PuUPA
_aMx-PuUPA
_bspa
_dMx-PuUPA
_erda
041 1 _aspa
_heng
100 1 _aDillard, Dudley D.,
_917618
_eautor
240 1 4 _aThe Economics of John Maynard Keynes.
_lEspañol
245 1 3 _aLa teoría económica de John Maynard Keynes :
_bteoría de una economía monetaria /
_cDudley Dillard ; traducción del inglés por José Díaz García
250 _aSexta edición
264 1 _aMadrid, España :
_bAguilar,
_c1964
300 _axx, 372 páginas ;
_c18 cm
336 _2rdacontent
_atexto
_btxt
337 _2rdamedia
_asin medio
_bn
338 _2rdacarrier
_avolumen
_bnc
490 0 _aBiblioteca de Ciencias Sociales. Sección I: Economía
506 _aAcceso exclusivo para la comunidad UPAEP vigente.
588 _aRecurso en línea; título de la página de título del PDF (OvidEspañol, consultado el 05 de enero de 2021).
600 1 4 _aKeynes, John Maynard
_y1883-1946
_vCrítica e interpretación
650 7 _2armarc
_aEconomía Keynesiana
650 7 _2armarc
_aMoneda
650 7 _2armarc
_aSistemas económicos
700 1 _aDíaz García, José,
_etraductor
765 0 _aDillard, Dudley
_tThe Economics of John Maynard Keynes : the theory of a monetary economy
942 _2ddc
_cLI
_h330.1
_iD5718
999 _c7345
_d7345